| 000 | 00439nam a22001337a 4500 | ||
|---|---|---|---|
| 008 | 250604b |||||||| |||| 00| 0 eng d | ||
| 020 | _a9789785548181 | ||
| 050 |
_aLC 903 _b.P 47 |
||
| 245 | _aPerspective of Arabic and Islam studies in combating corruption and indiscipline in Nigeria | ||
| 260 |
_aIlorin _bNigerian association of teachers of Arabic and Islam studies _c2017 |
||
| 300 | _a312p | ||
| 650 | _aIslamic education | ||
| 942 | _cBK | ||
| 999 |
_c3786 _d3786 |
||